|
|
|
แสดงรายละเอียดบรรณานุกรม |
|
|
Brief Record
: Get Marc (ISO 2709)
: E-mail record
: |
| LEADER 00000nam 2200000uu 4500 | |||
| 001 17256 | |||
| 003 ULIBM | |||
| 008 020711s2558 th a 000 0 tha d | |||
| 100 วรรธยา พัวพันธ์ | |||
| 245 ผลของโปรแกรมบำบัดฟื้นฟูสมรรถภาพแบบบูรณาการต่อความสามารถในการเผชิญปัญหาและฟันฝ่าอุปสรรคของผู้ป่วยยาเสพติด โรงพยาบาลสวนสราญรมย์ | |||
| 250 พิมพ์ครั้งที่ 1 | |||
| 260 สุราษฏร์ธานี :^bโรงพยาบาลสวนสราญรมย์,^c2558 | |||
| 300 100 หน้า | |||
| คุณยังไม่ได้ล็อกอิน คุณสามารถมีกิจกรรมร่วมกับเว็บไซต์ได้ แต่ต้องล็อกอินก่อน :: |
|
| สถานะ | |||||||||
| 1. | รายงานการวิจ้ย | 2558 c.1 Barcode: 0002553 | On Shelf | ||||||
| [แสดง 1/1 รายการ] | |||||||||
| รายการใกล้เคียง ผู้แต่ง [วรรธยา พัวพันธ์] |
BibComment |
| คอมเมนท์ทรัพยากรรายการนี้ |
|
|